000 00756nam a2200205 a 4500
001 000001147
005 20200929145504.0
008 930107s1990 cu ac b 000 0 spa
040 _aDO-SdBNP
_bspa
_cBNPHU
082 _a960
_bO63d
100 1 _aOramas, Óscar.
_93917
245 1 3 _aLa descolonización en África y sus líderes /
_cÓscar Oramas; edición de Delia Ramos.
260 _aLa Habana, Cuba :
_bPolítica,
_c1990.
300 _a217 p. :
_bil., retrs ;
_c21 cm.
504 _aIncluye referencias bibliográficas y notas al pie de las páginas.
651 4 _aAfrica
_zDescolonización
_93918
651 4 _aAfrica
_xPolítica Y Gobierno
_y1945-1960.
_93919
651 4 _aAfrica
_xPolítica Y Gobierno
_y1960-
_93920
700 1 _aRamos, Delia,
_eed.
_93921
999 _c1100
_d1100